[Event "Swedish Elitserien 2021-22"]
[Site "Sodertalje"]
[Date "2022.05.13"]
[Round "7.21"]
[White "Andersson, Fredrik"]
[Black "Fransson, Patrick"]
[Result "1-0"]
[WhiteElo "2270"]
[BlackElo "2164"]
[Annotator "TA"]
[PlyCount "81"]
[EventDate "2022.05.13"]
[EventType "team-tourn"]
[EventCountry "SWE"]
[SourceTitle "playchess.com"]
[Source "ChessBase"]
[SourceQuality "1"]

{[%evp 10,81,36,0,25,20,39,31,29,37,55,0,27,-11,-7,-33,-7,-33,0,0,0,-5,0,-3,0,0,69,64,66,70,94,86,91,109,104,95,128,128,152,156,146,146,150,154,253,254,237,247,222,168,208,201,200,200,200,195,181,138,172,87,175,173,171,174,214,130,112,0,214,162,125,147,29986,29987]} 1. e4 {[%emt 0:00:07]} c6 {[%emt 0:00:47]} 2. d4 {[%emt 0:00:08]} d5 {[%emt 0:00:22]} 3. Nc3 {[%emt 0:00:37]} dxe4 {[%emt 0:00:57]} 4. Nxe4 {[%emt 0:00:07]} Nf6 {[%emt 0:00:23]} 5. Nxf6+ {[%emt 0:00:16]} exf6 {[%emt 0:00:08]} 6. Be3 {[%emt 0:02:24]} Be6 {[%emt 0:06:45] B15: Caro-Kann: 3 Nc3: 3...g6 and 3...dxe4 4 Nxe4 Nf6 5 Nxf6+ exf6.} 7. Bd3 {[%emt 0:05:30]} Bd6 {[%emt 0:12:38]} 8. Ne2 {[%emt 0:03:49]} Nd7 {[%emt 0:11:37][%cal Bb8d7,Bd7b6,Bb6d5,Bd5b4][%mdl 32] White is slightly better.} 9. O-O {[%emt 0:23:54]} Qc7 {[%emt 0:03:53]} 10. h3 {[%emt 0:01:33] [#]} ({White should play} 10. g3 $14) 10... Nb6 $146 {[%emt 0:04:03]} ({Predecessor:} 10... f5 11. Qd2 h6 12. Bf4 g5 13. Bxd6 Qxd6 14. c4 f4 15. f3 Nf6 16. Qc3 O-O-O 17. d5 Nh5 18. dxe6 Qxd3 19. e7 {1-0 (19) Bebiak,J (2145)-Janocko,P (2089) Czech Republic 2007}) 11. a4 {[%emt 0:16:34]} O-O {[%emt 0:14:49]} 12. c3 {[%emt 0:07:02][%cal Bc2c3,Bc3c4,Bc4c5][%mdl 32]} Nd5 {[%emt 0:09:46]} 13. c4 {[%emt 0:11:21]} Nb4 {[%emt 0:02:42]} 14. c5 {[%emt 0:07:01]} Be7 {[%emt 0:03:29]} 15. Nf4 {[%emt 0:01:00]} Qd7 {[%emt 0:02:24]} 16. Nxe6 {[%emt 0:04:36]} Qxe6 {[%emt 0:01:03]} 17. Re1 $36 {[%emt 0:01:32][%cal Oe3d2][%mdl 2048] [#] Threatens to win with Bd2! White fights for an advantage.} Qd7 {[%emt 0:03:37]} (17... Nxd3 $11 18. Qxd3 Rfe8) 18. Bc4 $1 $14 {[%emt 0:01:04]} f5 {[%emt 0:06:12]} 19. Qb3 {[%emt 0:01:55]} a5 {[%emt 0:01:18]} 20. Bd2 {[%emt 0:04:08]} Bf6 {[%emt 0:07:17]} 21. Bxb4 {[%emt 0:00:17]} axb4 {[%emt 0:00:03]} 22. Rad1 {[%emt 0:01:11]} ({Of course not} 22. Qxb4 $6 Qxd4 23. b3 Qd7 $14) 22... Rad8 {[%emt 0:02:29]} 23. d5 {[%emt 0:01:42]} Qc7 {[%emt 0:00:50]} 24. Qxb4 {[%emt 0:01:08]} cxd5 {[%emt 0:00:50]} 25. Bxd5 {[%emt 0:00:13]} Rd7 {[%emt 0:00:57]} 26. Bf3 {[%emt 0:00:48] 0x0.001de6670861dp-1022s more active pieces.} Re7 {[%emt 0:01:39]} (26... Rxd1 $16 {was called for.} 27. Rxd1 Rb8) 27. Rxe7 $18 {[%emt 0:01:32]} Bxe7 {[%emt 0:00:32]} 28. Qxb7 {[%emt 0:00:29]} Qxc5 {[%emt 0:00:20]} 29. Qd5 {[%emt 0:01:01]} Qc2 {[%emt 0:00:49]} 30. a5 {[%emt 0:00:47][%cal Ba4a5,Ba5a6][%mdl 32]} g6 {[%emt 0:01:42]} 31. a6 {[%emt 0:00:49]} Bc5 {[%emt 0:00:52]} 32. Qd2 {[%emt 0:00:45]} Qa4 {[%emt 0:00:18]} 33. Bb7 {[%emt 0:00:49]} Bb6 {[%emt 0:00:31]} 34. Rc1 {[%emt 0:00:18]} ({White should try} 34. g3 $18) 34... Kg7 {[%emt 0:00:55]} (34... Rd8 $16 {might work better.} 35. Qe1 Qf4) 35. Qc3+ {[%emt 0:00:25]} Kg8 {[%emt 0:00:30]} 36. Qc4 {[%emt 0:00:21]} Qd7 {[%emt 0:00:24]} 37. Qd5 {[%emt 0:00:28] Against Qd2} Qa4 {[%emt 0:00:31][%cal Ob6f2]} 38. Qc4 {[%emt 0:00:28]} (38. Qd6 $16 Qb3 39. Rc6) 38... Qd7 $1 {[%emt 0:00:12]} 39. Bd5 {[%emt 0:00:47]} Rd8 {[%emt 0:00:48]} 40. Rd1 {[%emt 0:00:27][%cal Od5f7] Black must now prevent Bxf7+!} Rc8 $2 {[%emt 0:00:36][%mdl 8192] [#]} (40... Kg7 $16 41. b4 Qe7) 41. Bxf7+ $1 {[%emt 0:03:56][%mdl 512] Weighted Error Value: White=0.16 (very precise) /Black=0.37} 1-0

[Event "Swedish Elitserien 2021-22"]
[Site "Sodertalje"]
[Date "2022.05.13"]
[Round "7.22"]
[White "Lindberg, Bengt"]
[Black "Aronsson, Marten"]
[Result "1-0"]
[WhiteElo "2377"]
[BlackElo "2222"]
[Annotator "TA"]
[PlyCount "77"]
[EventDate "2022.05.13"]
[EventType "team-tourn"]
[EventCountry "SWE"]
[SourceTitle "playchess.com"]
[Source "ChessBase"]
[SourceQuality "1"]

{[%evp 23,77,27,48,0,62,38,93,120,118,123,154,149,154,148,255,261,331,224,362,188,177,171,181,153,243,233,243,238,238,221,425,395,1026,958,1148,1109,2596,2309,29991,29989,29989,29990,29990,29987,29987,29988,29988,29989,29989,29990,29990,12839,12838,12837,29998,29999]} 1. e4 {[%emt 0:47:15]} e5 {[%emt 0:04:50]} 2. Nf3 {[%emt 0:00:09]} Nc6 {[%emt 0:00:10]} 3. Bb5 {[%emt 0:00:19][%cal Bf1b5,Bb5a4,Ba4b3][%mdl 32]} a6 {[%emt 0:00:59]} 4. Ba4 {[%emt 0:00:07]} Nf6 {[%emt 0:00:14]} 5. O-O {[%emt 0:00:11]} Nxe4 {[%emt 0:00:31]} 6. d4 {[%emt 0:00:14]} b5 {[%emt 0:00:19]} 7. Bb3 {[%emt 0:00:08]} d5 {[%emt 0:00:08]} 8. dxe5 {[%emt 0:00:10]} Be6 {[%emt 0:00:05]} 9. Nbd2 {[%emt 0:00:37]} Nc5 {[%emt 0:00:38]} 10. c3 {[%emt 0:00:17]} d4 {[%emt 0:01:32]} 11. Bxe6 {[%emt 0:01:22]} Nxe6 {[%emt 0:04:25]} 12. cxd4 {[%emt 0:00:26]} Ncxd4 {[%emt 0:00:55]} 13. Nxd4 {[%emt 0:01:47] C80: Open Ruy Lopez: Sidelines and 9 Nbd2.} (13. a4 $14 {is more appropriate.}) 13... Nxd4 {[%emt 0:00:29]} (13... Qxd4 $11 14. Nb3 Qxe5) 14. a4 {[%emt 0:00:29]} b4 {[%emt 0:11:29]} (14... Be7 $14) 15. Nb3 $16 {[%emt 0:05:39] White is better.} Nxb3 {[%emt 0:09:08]} 16. Qxb3 {[%emt 0:00:09] aiming for Qf3.} Be7 {[%emt 0:00:54] [#]} 17. Rd1 $146 {[%emt 0:05:27]} ({Predecessor:} 17. Qg3 Kf8 18. Qf3 Qe8 19. Be3 c5 20. Rac1 Rc8 21. b3 h6 22. Rc4 Kg8 23. Rfc1 {1-0 (36) Prasad,D (2359)-Mamedjarova,T (2208) Abu Dhabi 2005}) 17... Qc8 {[%emt 0:00:37]} 18. Qg3 $1 {[%emt 0:00:10] White is more active.} g6 {[%emt 0:04:10] [#]} (18... Kf8 $16 19. Qf3 Rb8) 19. Bh6 $1 $18 {[%emt 0:03:55] Strongly threatening Qf3.} Qf5 {[%emt 0:01:55]} 20. Qb3 {[%emt 0:28:43]} Rc8 {[%emt 0:10:21]} (20... Rb8 $142 21. Qe3 (21. Qd5 Qe6 $16) 21... Rc8) 21. Rac1 $40 {[%emt 0:13:15][%mdl 128] Black is in trouble.} (21. Qd5 $142 {Intending Qc6+ and mate.} Qe6 22. Qb7) 21... c5 {[%emt 0:13:44]} 22. a5 {[%emt 0:04:18]} Qe6 {[%emt 0:00:25]} 23. Qf3 {[%emt 0:00:15][%cal Od1d6]} Rg8 {[%emt 0:04:16] [#]} (23... g5 $16 {might work better.}) 24. h4 $1 {[%emt 0:06:36][%cal Bh2h4,Bh4g5][%mdl 32]} Qc6 {[%emt 0:07:54]} 25. Qe3 {[%emt 0:03:11][%cal Od1d6] Black must now prevent Rd6!} Qe6 {[%emt 0:15:11] Prevents Rd6.} 26. b3 {[%emt 0:12:02]} Qg4 $2 {[%emt 0:02:40]} (26... f6 27. exf6 Qxe3 28. Bxe3 Bxf6 29. Bxc5 Bxh4) 27. Bg5 {[%emt 0:08:44] And now Qd2 would win.} Bxg5 $2 {[%emt 0:00:39]} (27... Qe6 28. Bxe7 Qxe7) 28. hxg5 {[%emt 0:00:02]} ({Not} 28. Qxg5 Qxg5 29. hxg5 Ke7 $16) 28... Ke7 {[%emt 0:01:03]} 29. f3 {[%emt 0:00:59]} Qh4 {[%emt 0:01:07]} 30. Rc4 {[%emt 0:01:14]} Qh5 {[%emt 0:00:05]} 31. Qf4 {[%emt 0:01:29]} Rgd8 {[%emt 0:00:50]} 32. Qf6+ {[%emt 0:00:50]} Ke8 {[%emt 0:00:07]} 33. Rxd8+ {[%emt 0:00:44]} Rxd8 {[%emt 0:00:07] KQR-KQR} 34. e6 {[%emt 0:01:18][%csl Ge6][%cal Rf6f7]} Rd1+ {[%emt 0:00:07]} 35. Kf2 {[%emt 0:00:03]} fxe6 {[%emt 0:00:17]} 36. Qxe6+ {[%emt 0:00:07]} Kd8 {[%emt 0:00:15]} 37. Rf4 {[%emt 0:01:44]} (37. Qb6+ $142 Kd7 38. Qxc5 Rd2+ 39. Ke3 Qxg5+ 40. Qxg5 Rd6 41. Qg4+ Kd8 42. Rc8+ Ke7 43. Rc7+ Rd7 44. Qxd7+ Kf6 45. Qe7+ Kf5 46. g4#) 37... Rd2+ {[%emt 0:02:36]} 38. Ke1 {[%emt 0:00:22]} Rd7 {[%emt 0:00:15]} 39. Rf8+ {[%emt 0:00:06] Black did not feel at home in the position after the opening.  Weighted Error Value: White=0.15 (very precise) /Black=0.95} 1-0

[Event "Swedish Elitserien 2021-22"]
[Site "Sodertalje"]
[Date "2022.05.13"]
[Round "7.23"]
[White "Larsson, Anders"]
[Black "Olofsson-Dolk, Mattis"]
[Result "0-1"]
[WhiteElo "2234"]
[BlackElo "2182"]
[Annotator "TA"]
[PlyCount "145"]
[EventDate "2022.05.13"]
[EventType "team-tourn"]
[EventCountry "SWE"]
[SourceTitle "playchess.com"]
[Source "ChessBase"]
[SourceQuality "1"]

{[%evp 9,145,5,14,0,7,-6,-10,-4,8,-14,0,-15,-22,-18,0,-18,-19,-53,-31,-34,-33,-37,-27,-42,0,-23,-40,-40,-18,-119,-36,-32,33,35,19,0,0,0,120,106,148,145,198,0,0,0,0,0,0,-81,-81,-74,-78,-81,-78,-104,-100,-90,-83,-133,-133,-132,-133,-134,-130,-211,-224,-212,-162,-162,-138,-145,-145,-152,-143,-143,-137,-143,-144,-249,-248,-358,-331,-350,-324,-328,-322,-307,-234,-233,-233,-234,-234,-234,-234,-6087,-5314,-3483,0,-360,-6,-372,-226,-226,-226,-366,-357,-357,-357,-357,-200,-339,-327,-757,-757,-1000,-1119,-911,-934,-2210,-1637,-1933,-781,-1867,-1737,-1739,-1322,-29971,-29965,-12835,-29964,-7169,-8181,-29985,-5661,-1582,-1563,-29968]} 1. e4 {[%emt 0:00:11]} c5 {[%emt 0:00:08]} 2. Nf3 {[%emt 0:00:48]} d6 {[%emt 0:00:07]} 3. Bb5+ {[%emt 0:01:19]} Nd7 {[%emt 0:00:10]} 4. d4 {[%emt 0:10:40]} cxd4 {[%emt 0:00:10]} 5. Qxd4 {[%emt 0:01:32]} a6 {[%emt 0:00:12]} 6. Bc4 {[%emt 0:04:33] B51: Sicilian: Moscow Variation (3 Bb5+) without 3...Bd7.} e6 {[%emt 0:05:19]} 7. Nc3 {[%emt 0:02:58]} Ngf6 {[%emt 0:02:40]} 8. a4 {[%emt 0:09:49] Prevents b5. The position is equal.} Qc7 {[%emt 0:03:37]} 9. Ba2 {[%emt 0:05:35] [#]} Ne5 $146 {[%emt 0:05:58]} ({Predecessor:} 9... b6 10. Be3 Bb7 11. Nd2 Ng4 12. Bg5 Nge5 13. Nc4 Nxc4 14. Qxc4 Qxc4 15. Bxc4 Rc8 {0-1 (43) Freudenberg,J-Janz,F Neumuenster 1996}) 10. Qd1 {[%emt 0:05:29]} Be7 {[%emt 0:02:02][%cal Ob7b5]} 11. O-O {[%emt 0:00:33]} O-O {[%emt 0:00:28][%cal Ob7b5]} 12. Nd4 {[%emt 0:04:39]} Bd7 {[%emt 0:02:25][%cal Ob7b5]} 13. Kh1 {[%emt 0:09:35]} Rac8 {[%emt 0:01:55]} (13... b5 $5 {[%cal Rb5b4]}) 14. f4 {[%emt 0:02:57]} Nc4 {[%emt 0:03:43]} 15. Qe2 {[%emt 0:03:08]} Qc5 {[%emt 0:05:43]} 16. Nf3 {[%emt 0:01:24]} b5 {[%emt 0:03:02]} 17. e5 {[%emt 0:05:36]} dxe5 {[%emt 0:07:45]} 18. fxe5 {[%emt 0:05:54]} Nd5 {[%emt 0:02:02]} 19. Ne4 {[%emt 0:01:44]} (19. Nxd5 $1 $11 exd5 20. Bb3) 19... Qb6 {[%emt 0:01:02]} (19... Qc7 $1 $17 20. axb5 Bxb5) 20. c3 $15 {[%emt 0:06:06]} Nce3 {[%emt 0:10:00]} (20... Qc7 $15) 21. a5 $14 {[%emt 0:04:23]} Qa7 {[%emt 0:01:12]} 22. Bxd5 {[%emt 0:00:21]} Nxd5 {[%emt 0:01:17]} (22... Nxf1 23. Bb3 $16) 23. Bg5 {[%emt 0:00:14] And now Bxe7 would win.} Bc5 {[%emt 0:05:15]} (23... h6 $11) 24. Qe1 $16 {[%emt 0:04:18] aiming for Qg3.} Be3 {[%emt 0:09:28]} 25. Qh4 {[%emt 0:01:28]} h6 {[%emt 0:04:02] [#]} (25... Rc4 $16) 26. Bxe3 $2 {[%emt 0:04:30]} (26. Nf6+ $1 $18 {[%mdl 512]} Kh8 27. Rae1 Bxg5 28. Nxg5) 26... Nxe3 $11 {[%emt 0:02:43]} 27. Qf2 {[%emt 0:01:26] Rae1 is the strong threat.} Rc7 {[%emt 0:02:02]} 28. Rfe1 {[%emt 0:00:34]} Nf5 {[%emt 0:01:14][%cal Ob5b4]} 29. Qe2 {[%emt 0:01:44]} (29. Qxa7 $11 {remains equal.} Rxa7 30. Nc5) 29... Bc6 $17 {[%emt 0:01:34]} 30. Rad1 {[%emt 0:00:28]} Bxe4 {[%emt 0:02:13]} 31. Qxe4 {[%emt 0:00:12]} Rd7 {[%emt 0:00:05]} 32. Rd3 {[%emt 0:01:25]} Rxd3 {[%emt 0:00:41]} 33. Qxd3 {[%emt 0:00:05]} Qc7 {[%emt 0:00:09]} 34. Nd4 {[%emt 0:01:19]} ({Better is} 34. Ra1) 34... Nxd4 {[%emt 0:00:53]} (34... Qxa5 35. Nxf5 exf5 36. Qxf5 $15) 35. Qxd4 {[%emt 0:00:03]} Qxa5 {[%emt 0:01:03][%mdl 4096] Endgame KQR-KQR} 36. Rd1 {[%emt 0:00:17]} Qa2 {[%emt 0:02:34]} 37. b4 {[%emt 0:00:43]} (37. Qd2 $17) 37... Rc8 $19 {[%emt 0:00:42]} 38. h3 {[%emt 0:00:20]} Qc2 {[%emt 0:02:03]} 39. Rd3 {[%emt 0:00:12]} Rc4 {[%emt 0:00:24]} 40. Qe3 {[%emt 0:00:33]} Qb1+ {[%emt 0:06:09]} 41. Kh2 {[%emt 0:00:41]} Qf1 {[%emt 0:01:23]} 42. Rd8+ {[%emt 0:02:20]} Kh7 {[%emt 0:00:13]} 43. Rd4 {[%emt 0:00:09]} Rxd4 {[%emt 0:03:56]} 44. Qxd4 $17 {[%emt 0:07:06] [#] KQ-KQ} (44. cxd4 $17 Qb1 45. Qc3) 44... g5 $1 $19 {[%emt 0:02:43]} 45. Qc5 {[%emt 0:05:24]} (45. Qa7 $142) 45... Kg6 {[%emt 0:02:11]} 46. Qc8 {[%emt 0:07:19]} Qf4+ {[%emt 0:04:01]} 47. Kh1 {[%emt 0:00:09]} Qxe5 {[%emt 0:00:42]} 48. Qxa6 {[%emt 0:00:10]} Qd5 {[%emt 0:00:55]} ({Worse is} 48... Qxc3 49. Qxb5 Kg7 50. Kh2 $17) 49. Qc8 {[%emt 0:01:25]} Kg7 {[%emt 0:01:16] Inhibits Qg8+.} 50. Qc7 {[%emt 0:01:40]} e5 {[%emt 0:03:57][%cal Be6e5,Be5e4][%mdl 32] Hoping for ...e4.} 51. Kg1 {[%emt 0:00:52]} e4 {[%emt 0:01:46]} 52. Kf2 {[%emt 0:00:38]} (52. Qg3) 52... Qd2+ {[%emt 0:03:44]} 53. Kg3 {[%emt 0:00:36]} Qd5 $2 {[%emt 0:03:48]} (53... e3 {( -> ...e2)} 54. Qe5+ Kg6 55. Qe4+ Kf6 56. Qd4+ Kf5 57. Qc5+ Ke4 58. Qc6+ Kd3 59. Qxb5+ Kc2 60. Qa4+ Kb2) 54. Kf2 {[%emt 0:00:44]} h5 $2 {[%emt 0:01:08]} (54... Qd3 $19 {Threatens to win with ...Qd2+.} 55. Qe5+ Kg6) 55. Qe7 $2 {[%emt 0:03:49][%mdl 8192]} (55. Qc5 $11 {and White is okay.} Qd2+ 56. Kf1) 55... Qd2+ {[%emt 0:00:21]} 56. Kf1 {[%emt 0:00:27]} Qd3+ {[%emt 0:04:44]} 57. Kf2 {[%emt 0:00:21] [#]} (57. Kg1 {was the only defense.} Kg6 58. Qc5) 57... Kg6 $1 {[%emt 0:00:32]} 58. Qe8 {[%emt 0:01:29]} Qd2+ {[%emt 0:01:29]} ({Weaker is} 58... Qxc3 59. Qxe4+ Kf6 60. Kg1 $17) 59. Kf1 {[%emt 0:00:06]} Qd5 {[%emt 0:00:46]} ({And not} 59... Qxc3 60. Qxe4+ Kf6 61. h4 $17) (59... e3 $142 {[%csl Ge3][%cal Rd2f2]} 60. Qg8+ Kf6 61. Qh8+ Kf5 62. Qc8+ Ke4 63. Qe8+ Kd3 64. Qxb5+ Kxc3 65. Qc6+ Kb3) 60. Qg8+ {[%emt 0:01:29]} (60. Ke1 {is the only way for White.}) 60... Kf5 {[%emt 0:01:07]} 61. Qh7+ $2 {[%emt 0:00:18]} (61. Kf2 h4 62. Qc8+ Kf6 63. Qh8+ Ke7 64. Qc8) 61... Kf4 {[%emt 0:01:07]} 62. Qxh5 {[%emt 0:00:38]} Qd3+ {[%emt 0:02:10]} 63. Kg1 {[%emt 0:00:13]} f5 {[%emt 0:00:45] Active counter play!} 64. Qh8 {[%emt 0:01:46]} Qe3+ {[%emt 0:01:08]} 65. Kh2 {[%emt 0:00:51]} Qg3+ {[%emt 0:00:38]} 66. Kg1 {[%emt 0:00:17]} Ke3 {[%emt 0:02:16]} 67. Qd4+ {[%emt 0:01:33]} Ke2 {[%emt 0:00:02]} 68. Qd5 {[%emt 0:00:06]} Qf2+ {[%emt 0:00:38]} 69. Kh2 {[%emt 0:00:17]} Qf4+ {[%emt 0:00:24]} 70. Kg1 {[%emt 0:00:16]} Qe3+ {[%emt 0:00:21]} 71. Kh1 {[%emt 0:01:18]} Qc1+ {[%emt 0:01:07]} (71... Kf2 $142 72. Qa2+ Qe2 73. Qa7+ e3 74. Kh2 Qf1 75. Qa2+ e2 76. Qa7+ Ke1 77. h4 Kd2 78. Qa2+ Kd3 79. Qd5+ Kxc3 80. Qc5+ Kb2 81. Qd4+ Kc2 82. Qc5+ Kb1 83. Qe5 e1=Q 84. Qxe1+ Qxe1 85. hxg5 f4 86. g6 Qg3+ 87. Kh1 Qxg6 88. Kg1 Qg3 89. Kf1 Kc2 90. Ke2 Qxg2+ 91. Ke1 Kd3 92. Kd1 Qh1#) 72. Kh2 {[%emt 0:00:03]} Kf2 {[%emt 0:00:24][%csl Gf2][%cal Rc1g1]} 73. Qc5+ {[%emt 0:02:44] Quite a comeback for Black.  Weighted Error Value: White=0.50/Black=0.40} 0-1

[Event "Swedish Elitserien 2021-22"]
[Site "Sodertalje"]
[Date "2022.05.13"]
[Round "7.24"]
[White "Sevastianov, Andrii"]
[Black "Henriksson, Johan"]
[Result "0-1"]
[WhiteElo "2108"]
[BlackElo "2246"]
[Annotator "TA"]
[PlyCount "72"]
[EventDate "2022.05.13"]
[EventType "team-tourn"]
[EventCountry "SWE"]
[SourceTitle "playchess.com"]
[Source "ChessBase"]
[SourceQuality "1"]

{[%evp 16,72,20,0,-13,-18,-5,-22,0,0,0,0,0,-15,0,-17,0,0,0,0,0,4,27,4,23,15,37,-57,0,-31,-31,-40,0,-15,0,-18,0,-10,0,-32,-21,-42,-42,-42,-42,-42,-42,-141,-141,-185,-192,-363,-385,-388,-385,-331,-232,-29993,-691]} 1. c4 {[%emt 0:00:02]} c6 {[%emt 0:00:23]} 2. g3 {[%emt 0:00:12]} d5 {[%emt 0:00:27]} 3. Nf3 {[%emt 0:01:17]} Nf6 {[%emt 0:00:46]} 4. Bg2 {[%emt 0:00:16]} g6 {[%emt 0:03:36]} 5. b3 {[%emt 0:04:12]} Bg7 {[%emt 0:00:41]} 6. Bb2 {[%emt 0:07:07]} O-O {[%emt 0:00:28]} 7. O-O {[%emt 0:01:52]} Re8 {[%emt 0:07:26]} 8. Qc2 {[%emt 0:06:31]} Nbd7 {[%emt 0:04:02][%cal Bb8d7,Bd7b6,Bb6d5][%mdl 32]} 9. Nc3 {[%emt 0:01:29]} e5 {[%emt 0:02:07] A11: English Opening: 1...c6.} 10. cxd5 {[%emt 0:02:02]} Nxd5 {[%emt 0:00:55][%cal Oe5e4]} 11. d3 {[%emt 0:05:57]} Nxc3 {[%emt 0:11:27] The position is equal.} (11... Nb4 $5 {[%cal Rb4c2]} 12. Qd1 Nc5 $11) 12. Bxc3 {[%emt 0:02:11]} Nb6 {[%emt 0:02:05]} 13. Rfd1 {[%emt 0:12:16]} Nd5 {[%emt 0:05:14]} 14. Bb2 {[%emt 0:01:40] [#]} Qc7 $146 {[%emt 0:04:34]} ({Predecessor:} 14... Qb6 15. a3 Bd7 16. h3 Rad8 17. Nd2 Be6 18. b4 Qc7 19. Rac1 Qd7 20. Kh2 f5 {1-0 (52) Lozano Ramirez,N (2312)-Florez,L (2108) Cartagena 2019}) 15. Rac1 {[%emt 0:01:49]} Be6 {[%emt 0:08:16]} 16. Ng5 {[%emt 0:05:22]} Rad8 {[%emt 0:02:57]} 17. Nxe6 {[%emt 0:00:48]} Rxe6 {[%emt 0:02:37]} 18. a3 {[%emt 0:05:45]} Qb6 {[%emt 0:03:20]} 19. Qc4 {[%emt 0:06:32]} Bh6 {[%emt 0:03:31]} 20. Rc2 {[%emt 0:03:11]} ({Don't play} 20. e3 {[#]} Bxe3 $1 21. fxe3 Nxe3 $15) 20... Be3 {[%emt 0:06:27]} 21. d4 {[%emt 0:04:49]} (21. fxe3 $2 Nxe3 22. Qc5 Nxc2 $19) (21. Rf1 $14) 21... e4 {[%emt 0:07:09]} 22. Bc1 {[%emt 0:03:51]} (22. fxe3 $2 Nxe3 23. Qc5 Nxd1 $19) 22... Bxc1 {[%emt 0:00:53]} 23. Rcxc1 {[%emt 0:00:42]} f5 {[%emt 0:01:32][%cal Bf7f5,Bf5f4][%mdl 32]} 24. e3 {[%emt 0:01:24]} g5 {[%emt 0:01:18]} 25. Bh3 {[%emt 0:06:22]} Rf8 {[%emt 0:00:30]} 26. b4 {[%emt 0:01:14]} a6 {[%emt 0:01:22]} 27. Qc5 {[%emt 0:01:13]} Qd8 {[%emt 0:01:35]} 28. Bf1 {[%emt 0:00:08]} f4 {[%emt 0:01:39]} 29. Re1 {[%emt 0:08:36]} Qf6 {[%emt 0:01:15]} 30. Qc2 {[%emt 0:00:14]} Qf5 {[%emt 0:01:10]} 31. exf4 {[%emt 0:00:51]} (31. Bg2 $15) 31... gxf4 $17 {[%emt 0:00:18]} 32. f3 {[%emt 0:00:53][%cal Rf3e4]} fxg3 {[%emt 0:04:47]} 33. Rxe4 {[%emt 0:02:17]} (33. fxe4 {was the only chance.} Qg4 34. hxg3) 33... Rg6 $19 {[%emt 0:06:05] Threatens to win with ...gxh2+.} 34. h3 {[%emt 0:02:39]} g2 {[%emt 0:01:24]} ({Avoid the trap} 34... Qxf3 $2 35. Bg2 Qxa3 36. Rce1 $19) 35. Bxg2 {[%emt 0:00:48]} Qxf3 {[%emt 0:01:32] ...Ne3 is the strong threat.} 36. Rf1 $2 {[%emt 0:00:30] [#]} (36. Qe2 $19) 36... Qxf1+ $1 {[%emt 0:00:07] Weighted Error Value: White=0.49/Black=0.15 (very precise)} 0-1